=LDR 00000nam 2200000 4500 =001 INLIS000000000019118 =005 20130612114223 =008 ***********************************Ind** =035 ##$$0010-061300000019118 =041 ##$$a Ind =082 ##$$a 823 =090 ##$$a 823, Com p =100 ##$$a Camus, albert =245 ##$$a The plaque, Albert Cames =260 ##$$a 1997 $b London =300 ##$$a 388 hlm, 21 cm =650 ##$$a Fiksi Inggris =850 ##$$a NBPNMAT